000
00220nam a2200097Ia 4500
008
190216s9999||||xx |||||||||||||| ||und||
100
_a
Cheriyan Kuniyathode
245
0
_a
Ashanile Darshikan
260
_b
Null
942
_c
BK
999
_c
25032
_d
25032